Rāshṭrabhāshā kā śuddha rūpa. (Record no. 80294)

MARC details
000 -LEADER
fixed length control field 00509cam a22002051 4500
001 - CONTROL NUMBER
control field sa 68004723
003 - CONTROL NUMBER IDENTIFIER
control field DLC
005 - DATE AND TIME OF LATEST TRANSACTION
control field 20260227112503.0
008 - FIXED-LENGTH DATA ELEMENTS--GENERAL INFORMATION
fixed length control field 881102m19679999xx 000 0 hino
010 ## - LIBRARY OF CONGRESS CONTROL NUMBER
LC control number sa 68004723
035 ## - SYSTEM CONTROL NUMBER
System control number (OCoLC)23539248
040 ## - CATALOGING SOURCE
Original cataloging agency DLC
Transcribing agency MiU
Modifying agency DLC
042 ## - AUTHENTICATION CODE
Authentication code premarc
050 00 - LIBRARY OF CONGRESS CALL NUMBER
Classification number PK1939
Item number .N5
100 0# - MAIN ENTRY--PERSONAL NAME
Personal name Nigamanand,
Titles and words associated with a name Swami,
Dates associated with a name 1915-
245 10 - TITLE STATEMENT
Title Rāshṭrabhāshā kā śuddha rūpa.
260 ## - PUBLICATION, DISTRIBUTION, ETC.
Date of publication, distribution, etc. [1967-]
300 ## - PHYSICAL DESCRIPTION
Extent v.
Dimensions 22 cm.
650 #0 - SUBJECT ADDED ENTRY--TOPICAL TERM
Topical term or geographic name entry element Hindi language
General subdivision Idioms.

No items available.

Powered by Koha